00370nam a2200157Ia 45000010006000000050017000060080041000230410008000640820018000721000025000902450041001152600009001563000033001656500006001986540008002042305220260414150911.0260414t2011||||xx |||||||||||||| ||spa|| aESP a624.1821bB85 aBruneau, MicheleAUT 0aDuctile design of steel structuresb c2011 axxi, 905 páginas :c23 cm. a0 aCIC